| 000 | 00635nam a22002297a 4500 | ||
|---|---|---|---|
| 001 | 65194 | ||
| 003 | UA-OsUOA | ||
| 005 | 20210414210827.0 | ||
| 007 | ta | ||
| 008 | 20091117b un ||||| |||| 00| 0 ukr d | ||
| 020 | _a9789660243811 | ||
| 040 |
_aUA-OsUOA _bukr _cUA-OsUOA _dUA-OsUOA |
||
| 041 | _aukr | ||
| 080 | _a82.09(085) | ||
| 090 |
_a82.09(085) _bД20 |
||
| 245 |
_aДарчі написи в бібліотеці Івана Микитенка _bкаталог |
||
| 260 |
_aК. _c2007 |
||
| 300 | _a210 с. | ||
| 650 | 7 |
_a82 Література. Літературознавство _2UDC |
|
| 942 |
_cBK _2udc |
||
| 955 | _a2 | ||
| 999 |
_c351318 _d351318 |
||